000 00506 a2200157 4500
040 _aDLC
_bDLC
082 _a327.101
100 _aKegley, Charles W.
245 _aWorld Politics: Trend and Transformation
_cCharles W. Kegley
250 _a9th
260 _aIslamabad:
_bNational Book Foundation,
_c2004.
300 _axviii, 633 p. :
_bill. ;
_c27 cm.
500 _aIncludes bibliographical references and index
650 _a.International relations.2.World politics, 1989.
942 _cBK
_k327.101 KEG
_2ddc
999 _c7173
_d7173